| 000 | 00657nam a2200241Ia 4500 | ||
|---|---|---|---|
| 001 | 21948 | ||
| 005 | 20260320113327.0 | ||
| 008 | 260320s9999||||xx |||||||||||||| ||und|| | ||
| 041 | _aESP | ||
| 082 |
_a985.05 _bP33 |
||
| 100 |
_aPaz Soldán, Mariano Felipe, _eAUT |
||
| 245 | 0 |
_aHistoria del Perú independiente : _btercer periodo, 1827-1833 |
|
| 246 |
_a _5 _b |
||
| 260 |
_aLima : _bGil, _c1929 |
||
| 300 |
_a171 páginas : _b _c27 cm. _e |
||
| 440 |
_a _n _v |
||
| 650 | _aHIS | ||
| 653 | _aHistoria del Perú; Perú - Historia -Emancipación, 1808-1824 -Documentos | ||
| 654 | _aCHU | ||
| 700 |
_a _c |
||
| 856 |
_u _z |
||
| 942 |
_cLIB _dJUS _fTRC _2ddc _n |
||
| 999 |
_c21948 _d21948 |
||